000 00584nam a2200229Ia 4500
003 OSt
005 20220923230530.0
006 a|||||r|||| 00| 0
007 ta
008 Pun
024 _a282,954
037 _cTextual
040 _aARTS
_cARTS
_bPun
041 _2Pun
_aPun
082 _aO153,3NNAx, M2
100 _aਨੰਦਾ, ਜੇ ਐਲ
_9159218
245 0 _aਡੰਡਾ ਪਰੇਡ
260 _c1982
650 _aਪੰਜਾਬੀ ਸਾਹਿਤ
942 _hO153,3NNAx, M2
_cTEXL
_2CC
999 _c385498
_d385498